00515nam a22001697a 450000500170000001000140001702000260003103500130005703700130007008200100008310000150009324500650010826000620017327000630023530000280029850000190032620100723110630.0 aENG-96773 a9788189963071c500.00 aEN-80306 bDBAD/PUB a181.4 aGupta,Bina aReason and Experience in Indian Philosophy /cby Bina Gupta aNew DelhibIndian Council of Philosophical Researchc2009 aDarshan Bhawan, 36, Tuglakabad Institutional Area,e110007 axii, 305 pc21 cm (pbk) aincludes index